Catálogo público

Geographical Indication and Global Agri-food : (Record no. 217334)

MARC details
000 -CABECERA
campo de control de longitud fija 01004 a2200277 4500
003 - IDENTIFICADOR DEL NÚMERO DE CONTROL
campo de control OSt
005 - FECHA Y HORA DE LA ÚLTIMA TRANSACCIÓN
campo de control 20230322093446.0
008 - DATOS DE LONGITUD FIJA--INFORMACIÓN GENERAL
campo de control de longitud fija 220726s nyua||||r|||| 00| 0 eng d
020 ## - NÚMERO INTERNACIONAL ESTÁNDAR DEL LIBRO
Número Internacional Estándar del Libro 9781138600478
040 ## - FUENTE DE LA CATALOGACIÓN
Centro/agencia transcriptor CHAP
082 04 - NÚMERO DE LA CLASIFICACIÓN DECIMAL DEWEY
Número de clasificación 338.16
Número de documento/Ítem G29
Número de edición 22
245 ## - MENCIÓN DE TÍTULO
Título Geographical Indication and Global Agri-food :
Resto del título development and democratization /
Mención de responsabilidad, etc. editado por Alessandro Bonanno, Kae Sekine y Hart N. Feuer.
264 #1 - PRODUCCIÓN, PUBLICACIÓN, DISTRIBUCIÓN, FABRICACIÓN Y COPYRIGHT
Producción, publicación, distribución, fabricación y copyright Abingdon, Oxon :
-- New York, NY ;
Nombre del de productor, editor, distribuidor, fabricante Routledge,
Fecha de producción, publicación, distribución, fabricación o copyright 2020.
300 ## - DESCRIPCIÓN FÍSICA
Extensión xiv, 240 páginas.
Otras características físicas figuras.
490 1# - MENCIÓN DE SERIE
Mención de serie Earthscan Food and Agriculture
504 ## - NOTA DE BIBLIOGRAFÍA, ETC.
Nota de bibliografía, etc. Incluye bibliografía.
650 #2 - PUNTO DE ACCESO ADICIONAL DE MATERIA--TÉRMINO DE MATERIA
9 (RLIN) 2011
Término de materia o nombre geográfico como elemento de entrada Agricultura sustentable
650 #2 - PUNTO DE ACCESO ADICIONAL DE MATERIA--TÉRMINO DE MATERIA
9 (RLIN) 26254
Término de materia o nombre geográfico como elemento de entrada Comunidades rurales
650 #2 - PUNTO DE ACCESO ADICIONAL DE MATERIA--TÉRMINO DE MATERIA
9 (RLIN) 103673
Término de materia o nombre geográfico como elemento de entrada Seguridad alimentaria
650 #2 - PUNTO DE ACCESO ADICIONAL DE MATERIA--TÉRMINO DE MATERIA
9 (RLIN) 145786
Término de materia o nombre geográfico como elemento de entrada Producción agricola
700 1# - PUNTO DE ACCESO ADICIONAL--NOMBRE DE PERSONA
9 (RLIN) 186382
Nombre de persona Bonanno, Alessandro
Término indicativo de función/relación Editor.
700 1# - PUNTO DE ACCESO ADICIONAL--NOMBRE DE PERSONA
9 (RLIN) 186383
Nombre de persona Sekine, Kae
Término indicativo de función/relación Editor.
700 1# - PUNTO DE ACCESO ADICIONAL--NOMBRE DE PERSONA
9 (RLIN) 186384
Nombre de persona Feuer, Hart N.
Término indicativo de función/relación Editor.
830 ## - PUNTO DE ACCESO ADICIONAL DE SERIE-TÍTULO UNIFORME
9 (RLIN) 186381
Título uniforme Earthscan Food and Agriculture
942 ## - ELEMENTOS DE PUNTO DE ACCESO ADICIONAL (KOHA)
Fuente del sistema de clasificación o colocación Dewey Decimal Classification
Tipo de ítem Koha Libro
Holdings
Estado de retiro Estado de pérdida Fuente del sistema de clasificación o colocación Estado dañado Restricciones de uso No para préstamo Código de colección Localización permanente Ubicación/localización actual Ubicación en estantería Fecha de adquisición Total de préstamos Signatura topográfica completa Código de barras Fecha visto por última vez Precio válido a partir de Tipo de ítem Koha Número de copia
    Dewey Decimal Classification   Préstamo 15 días   General Biblioteca Central Biblioteca Central Planta alta - Colección General 13/03/2023   338.16 G29 33724002565991 13/03/2023 13/03/2023 Libro  
    Dewey Decimal Classification   Préstamo 15 días   General Biblioteca Central Biblioteca Central Planta alta - Colección General 13/03/2023   338.16 G29 33724002565959 13/03/2023 13/03/2023 Libro c.2